00297nam a2200121Ia 4500008004100000041000800041082001500049100001700064245001600081260004400097300002300141365001100164240624s9999 xx 000 0 und d aeng a657.45 BAR aBARHAM KEVIN aTEAMS AUDIT aUKbCambridge Strategy Publications Ltd a59 : p. : cm. ; 29 cRSb50